| 000 | 00676nam a2200205 a 4500 | ||
|---|---|---|---|
| 005 | 20250205063747.0 | ||
| 008 | 030825s2001 mx r 000 0 spa d | ||
| 020 | _a8448128184 | ||
| 035 | _aUPN01000128129 | ||
| 049 | _aCG | ||
| 050 | 4 |
_aHD37 _bA3.5 |
|
| 245 | 0 | 0 |
_aAdministración y dirección / _cEmilio Pablo Díez de Castro ... [et al.] ; colab. Cristobal Casanueva Rocha ... [et al.]. |
| 260 |
_aMadrid : _bMcGraw-Hill, _c2001. |
||
| 300 | _a525 p. | ||
| 650 | 4 |
_aEmpresas _xAdministración _9229 |
|
| 650 | 4 |
_aAdministración industrial _9500 |
|
| 700 | 1 |
_aDíez de Castro, Emilio Pablo, _ecoaut. |
|
| 700 | 1 |
_aCasanueva Rocha, Cristóbal, _ecolab. |
|
| 905 | _aLibro | ||
| 999 |
_c100308 _d100308 |
||